| 000 | 01351nac a22001691u 4500 | ||
|---|---|---|---|
| 008 | 090317s2005 xxu||||| |||| 00| 0 ara d | ||
| 082 |
_a657 657.3 .3 _bح م ل |
||
| 245 |
_aالقاموس الحديث : _bفي العلوم الإدارية والمحاسبية والإقتصادية إنجليزي - عربي / _cمحمد رشاد الحملاوي ، إشراف ومراجعة ماجدة أبوالفتوح |
||
| 250 | _aط 9 | ||
| 260 |
_aالقاهرة : _bدار الحريرى ،2005 _c2005. |
||
| 300 |
_a475 ص ؛ _c25 سم. |
||
| 650 |
_aالإدارة الصناعية _922072 _vمعاجم |
||
| 650 |
_aاللغة الإنجليزية _922071 _vمعاجم _xعربي |
||
| 650 |
_aمحاسبة _922070 _vقواميس ومعاجم |
||
| 700 |
_922073 _aأبو الفتوح ، ماجدة _eإشراف ومراجعة |
||
| 942 |
_cBB _k657.3 ح م ل _2ddc |
||
| 999 |
_c3664 _d3664 |
||